[Event "NED-ch U12 op"]
[Site "Borne"]
[Date "2013.08.09"]
[Round "9"]
[White "Droogh, Piet Hein"]
[Black "Kootstra, Harm Jan"]
[Result "1-0"]
[WhiteElo "962"]
[BlackElo "845"]
[PlyCount "45"]
[EventDate "2013.08.05"]
[EventType "swiss"]
[EventRounds "13"]
[EventCountry "NED"]
[SourceTitle "EXT 2015"]
[Source "ChessBase"]
[SourceDate "2014.11.20"]
[SourceVersion "1"]
[SourceVersionDate "2014.11.20"]
[SourceQuality "1"]

1. e4 e5 2. Nf3 Nc6 3. Bb5 Qe7 4. Nc3 a6 5. Ba4 b5 6. Bb3 d6 7. Bd5 Bb7 8. d4 Rb8 9. Be3 Qf6 10. Ng5 Nh6 11. Bb3 exd4 12. Nd5 Qe5 13. Bf4 Be7 14. Bxe5 dxe5 15. Nf3 0-0 16. 0-0 Bc5 17. Qd2 Bc8 18. c3 Be6 19. cxd4 Bxd4 20. Nf6+ gxf6 21. Qxh6 Bxb3 22. axb3 Rb6 23. Qxf6 1-0

[Event "NED-ch U12 op"]
[Site "Borne"]
[Date "2013.08.09"]
[Round "10"]
[White "Kootstra, Harm Jan"]
[Black "Koedijk, Klaas Jan"]
[Result "1-0"]
[WhiteElo "845"]
[BlackElo "790"]
[PlyCount "107"]
[EventDate "2013.08.05"]
[EventType "swiss"]
[EventRounds "13"]
[EventCountry "NED"]
[SourceTitle "EXT 2015"]
[Source "ChessBase"]
[SourceDate "2014.11.20"]
[SourceVersion "1"]
[SourceVersionDate "2014.11.20"]
[SourceQuality "1"]

1. e4 e5 2. Nf3 Nc6 3. Bb5 d6 4. d4 Bd7 5. d5 Nce7 6. Bxd7+ Qxd7 7. 0-0 Nf6 8. Re1 g6 9. Bg5 Bg7 10. c4 0-0 11. Nc3 c6 12. Qa4 Rfe8 13. Rad1 cxd5 14. Qxd7 Nxd7 15. cxd5 Nb6 16. Nb5 Rac8 17. Nxd6 f6 18. Nxe8 Rxe8 19. Bc1 f5 20. exf5 Nxf5 21. d6 Nd7 22. Bf4 Re6 23. Nxe5 Bxe5 24. Bxe5 Kf7 25. Bf4 Nd4 26. Rxe6 Nxe6 27. Bg3 Kf6 28. f3 h5 29. h3 g5 30. h4 a6 31. Kf2 Kf5 32. Ke3 Nf4 33. Bxf4 gxf4+ 34. Kd3 Ke5 35. Kc4 b6 36. Kb4 Ke6 37. a4 Nf8 38. a5 b5 39. Kc5 Nd7+ 40. Kc6 Ne5+ 41. Kc7 Nd7 42. Re1+ Ne5 43. d7 Kf5 44. Rxe5+ Kxe5 45. d8R Ke6 46. Kc6 Ke7 47. Rd6 Ke8 48. Rd7 Kf8 49. Ra7 Ke8 50. Kd6 Kf8 51. Ke6 Kg8 52. Kf6 Kh8 53. Kg6 b4 54. Ra8# 1-0

[Event "NED-ch U12 op"]
[Site "Borne"]
[Date "2013.08.07"]
[Round "7"]
[White "Wiemann, Daniel"]
[Black "Kootstra, Harm Jan"]
[Result "1-0"]
[WhiteElo "1348"]
[BlackElo "845"]
[PlyCount "115"]
[EventDate "2013.08.05"]
[EventType "swiss"]
[EventRounds "13"]
[EventCountry "NED"]
[SourceTitle "EXT 2015"]
[Source "ChessBase"]
[SourceDate "2014.11.20"]
[SourceVersion "1"]
[SourceVersionDate "2014.11.20"]
[SourceQuality "1"]

1. e4 e5 2. Nf3 Nc6 3. d4 exd4 4. Nxd4 Nxd4 5. Qxd4 c6 6. Nc3 Nf6 7. Bc4 Be7 8. Be3 0-0 9. 0-0-0 b5 10. Bb3 c5 11. Qd3 c4 12. Bxc4 bxc4 13. Qxc4 Ng4 14. h3 Nxe3 15. fxe3 Bg5 16. Rd3 Qb6 17. Nd5 Ba6 18. Nxb6 Bxc4 19. Nxc4 Rfe8 20. h4 Be7 21. Rxd7 Bc5 22. Rhd1 a5 23. R7d5 Rac8 24. Nd6 Bxd6 25. Rxd6 h6 26. R1d4 Kh7 27. c4 a4 28. Kd2 Re5 29. Kc3 Rb8 30. R6d5 Re6 31. Rd6 Re5 32. Ra6 a3 33. Rxa3 Rc8 34. b4 f5 35. exf5 Rxe3+ 36. Rd3 Re5 37. g4 Re4 38. Rd4 Re3+ 39. Kb2 Re2+ 40. Kc3 Re3+ 41. Rd3 Re4 42. c5 Rxg4 43. Rb3 Rxh4 44. Rd4 Rh3+ 45. Kc4 Rh5 46. Rf4 Rh2 47. a4 Rc2+ 48. Rc3 Ra2 49. a5 Rd2 50. f6 gxf6 51. Rxf6 Rcd8 52. a6 R2d4+ 53. Kb5 Rb8+ 54. Rb6 Rg8 55. Ra3 Rd7 56. Ra5 Rc7 57. Rb7 Rxb7+ 58. axb7 1-0

[Event "NED-ch U12 op"]
[Site "Borne"]
[Date "2013.08.06"]
[Round "4"]
[White "Kootstra, Harm Jan"]
[Black "Kroon, Dominique"]
[Result "1-0"]
[WhiteElo "845"]
[BlackElo "738"]
[PlyCount "55"]
[EventDate "2013.08.05"]
[EventType "swiss"]
[EventRounds "13"]
[EventCountry "NED"]
[SourceTitle "EXT 2015"]
[Source "ChessBase"]
[SourceDate "2014.11.20"]
[SourceVersion "1"]
[SourceVersionDate "2014.11.20"]
[SourceQuality "1"]

1. e4 d5 2. f3 d4 3. Ne2 e5 4. d3 Nc6 5. c3 Nf6 6. cxd4 exd4 7. Bg5 Be7 8. Qa4 0-0 9. h3 Qd6 10. a3 Bd7 11. f4 Ne5 12. fxe5 Qb6 13. Qc2 Nh5 14. Bxe7 Rfe8 15. Bc5 Qa5+ 16. b4 Qa6 17. Bxd4 Ba4 18. Qc3 Rad8 19. Nd2 Qg6 20. Nf3 Ng3 21. Nxg3 Qxg3+ 22. Bf2 Qf4 23. Qd2 Qxd2+ 24. Kxd2 Bb5 25. Nd4 b6 26. Nxb5 Rxe5 27. Nxa7 Rd6 28. Ke3 1-0

[Event "NED-ch U12 op"]
[Site "Borne"]
[Date "2013.08.06"]
[Round "3"]
[White "Vitharana, Annelies"]
[Black "Kootstra, Harm Jan"]
[Result "1-0"]
[WhiteElo "1213"]
[BlackElo "845"]
[PlyCount "59"]
[EventDate "2013.08.05"]
[EventType "swiss"]
[EventRounds "13"]
[EventCountry "NED"]
[SourceTitle "EXT 2015"]
[Source "ChessBase"]
[SourceDate "2014.11.20"]
[SourceVersion "1"]
[SourceVersionDate "2014.11.20"]
[SourceQuality "1"]

1. e4 e5 2. Nf3 Nc6 3. Bc4 Bc5 4. c3 d6 5. d4 exd4 6. cxd4 Bb4+ 7. Bd2 Bxd2+ 8. Nbxd2 Bg4 9. h3 Bh5 10. Qb3 Qe7 11. Qxb7 Rb8 12. Qxc6+ Kf8 13. Bb3 Rb6 14. Qa8+ Qe8 15. Qxe8+ Kxe8 16. g4 Bg6 17. Rc1 c6 18. 0-0 Nf6 19. Rfe1 Kf8 20. Ba4 h6 21. Bxc6 Kg8 22. e5 Rxc6 23. Rxc6 Nd5 24. Rc8+ Kh7 25. Rxh8+ Kxh8 26. exd6 Nb6 27. a4 a5 28. Re8+ Kh7 29. Rb8 Nd7 30. Rb7 1-0

[Event "NED-ch U12 op"]
[Site "Borne"]
[Date "2013.08.05"]
[Round "1"]
[White "Warmerdam, Ivo"]
[Black "Kootstra, Harm Jan"]
[Result "1-0"]
[WhiteElo "1343"]
[BlackElo "845"]
[PlyCount "49"]
[EventDate "2013.08.05"]
[EventType "swiss"]
[EventRounds "13"]
[EventCountry "NED"]
[SourceTitle "EXT 2015"]
[Source "ChessBase"]
[SourceDate "2014.11.20"]
[SourceVersion "1"]
[SourceVersionDate "2014.11.20"]
[SourceQuality "1"]

1. e4 c5 2. Nf3 Nc6 3. d4 b6 4. d5 Na5 5. Nc3 d6 6. Bf4 e5 7. dxe6 fxe6 8. Bb5+ Ke7 9. 0-0 Nf6 10. e5 Ne8 11. Bg5+ Nf6 12. exf6+ gxf6 13. Bh4 Bh6 14. Ne4 Rf8 15. Qe2 Bd7 16. Bxd7 Kxd7 17. Rad1 d5 18. Rfe1 Nc4 19. Qxc4 Kc6 20. Qa4+ Kb7 21. Nc3 Qc7 22. Rxe6 Rad8 23. Nb5 Qd7 24. Qxa7+ Kc8 25. Qa8# 1-0

[Event "NED-ch U11"]
[Site "Waalwijk"]
[Date "2011.04.23"]
[Round "6"]
[White "Kootstra, Harm Jan"]
[Black "Motamarri, Kritin"]
[Result "0-1"]
[WhiteElo "785"]
[BlackElo "1231"]
[PlyCount "134"]
[EventDate "2011.04.22"]
[EventType "swiss"]
[EventRounds "9"]
[EventCountry "NED"]
[SourceTitle "EXT 2012"]
[Source "ChessBase"]
[SourceDate "2011.11.24"]
[SourceVersion "1"]
[SourceVersionDate "2011.11.24"]
[SourceQuality "1"]

1. e4 e5 2. Nf3 Nc6 3. Nc3 Nf6 4. Bb5 Bc5 5. Bxc6 dxc6 6. d3 h6 7. h3 0-0 8. 0-0 Re8 9. a3 Be6 10. b4 Bd4 11. Bb2 Nh5 12. Nxe5 Bxe5 13. Qxh5 Qf6 14. Rab1 Bd7 15. Nd1 Qf4 16. g3 Qf6 17. Kh2 Bxb2 18. Nxb2 Re5 19. Qe2 Qe6 20. Qg4 Qxg4 21. hxg4 Bxg4 22. Nc4 Rh5+ 23. Kg2 Bh3+ 24. Kf3 Bxf1 25. Rxf1 b5 26. Na5 c5 27. bxc5 Rxc5 28. Nb7 Rxc2 29. Rb1 Rb8 30. Rxb5 Ra2 31. Nd6 Rxb5 32. Nxb5 c6 33. Nxa7 Rxa3 34. Nxc6 Rxd3+ 35. Ke2 Rc3 36. Ne7+ Kf8 37. Nf5 Rc7 38. f3 Rc2+ 39. Ke3 f6 40. g4 Rc3+ 41. Kf4 g5+ 42. Kg3 Kf7 43. Kf2 Kg6 44. Ng3 Rc2+ 45. Ke3 Rg2 46. Nh1 h5 47. gxh5+ Kxh5 48. Nf2 Kh4 49. Ke2 Kg3 50. Ke3 Rxf2 51. Kd4 Rxf3 52. Kd5 f5 53. e5 Re3 54. Kd6 f4 55. e6 f3 56. Kd7 f2 57. e7 f1Q 58. e8Q Rxe8 59. Kxe8 Qf6 60. Kd7 Kf4 61. Kc7 Qe6 62. Kb7 Qd6 63. Ka7 Qb4 64. Ka6 Ke5 65. Ka7 Kd6 66. Ka6 Kc7 67. Ka7 Qa4# 0-1

[Event "NED-ch U11"]
[Site "Waalwijk"]
[Date "2011.04.23"]
[Round "9"]
[White "Platenburg, Jarno"]
[Black "Kootstra, Harm Jan"]
[Result "0-1"]
[WhiteElo "659"]
[BlackElo "785"]
[PlyCount "66"]
[EventDate "2011.04.22"]
[EventType "swiss"]
[EventRounds "9"]
[EventCountry "NED"]
[SourceTitle "EXT 2012"]
[Source "ChessBase"]
[SourceDate "2011.11.24"]
[SourceVersion "1"]
[SourceVersionDate "2011.11.24"]
[SourceQuality "1"]

1. e4 e5 2. Nf3 Nc6 3. Nc3 Nf6 4. d3 Bb4 5. a3 Bxc3+ 6. bxc3 0-0 7. Be2 h6 8. 0-0 d6 9. c4 b6 10. Be3 Ba6 11. Nh4 Qd7 12. h3 Qe7 13. Bg4 Nxe4 14. dxe4 Qxh4 15. g3 Qf6 16. h4 Bxc4 17. Re1 g6 18. Bxh6 Nd4 19. Bxf8 Rxf8 20. c3 Nb3 21. Rb1 Nc5 22. h5 Nd3 23. Re3 Qxf2+ 24. Kh1 Qxe3 25. hxg6 Nf2+ 26. Kh2 Nxd1 27. Rxd1 Be2 28. Bxe2 Qxe2+ 29. Kh3 Qxd1 30. gxf7+ Rxf7 31. g4 Rg7 32. c4 Qxg4+ 33. Kh2 Qg2# 0-1